Sustainability communication : (Registro nro. 8089)

Detalles MARC
000 -CABECERA
Campo de control 00792nam a22002297a 4500
005 - FECHA Y HORA DE LA ULTIMA TRANSACCION
Campo de control 20141213020002.0
008 - ELEMENTOS DE LONGITUD FIJA—INFORMACION GENERAL
Campo de control 131223b2011 ne ||||| |||| 00| 0 eng d
020 ## - ISBN
ISBN 9789400716964
040 ## - FUENTE DE CATALOGACIÓN
Agencia transcriptora CO-BoIH
041 ## - IDIOMA
Código de idioma para texto/pista de sonido o título separado Inglés
044 ## - PAÍS DE PUBLICACIÓN
País de publicación Estados Unidos
082 04 - NUMERO DE CLASIFICACION DECIMAL DEWEY
Número de clasificación 333.7
Número del ítem G58s
245 00 - MENCION DE TITULO
Título Sustainability communication :
Parte restante del título interdisciplinary perspectives and theoretical foundations /
Mención de responsabilidad Jasmin Godemann, Gerd Michelsen, editors
260 ## - PUBLICACION, DISTRIBUCION, ETC. (PIE DE IMPRENTA)
Lugar de publicación, distribución, etc. Dordrecht ;
-- New York :
Nombre del editor, distribuidor, etc. Springer,
Fecha de publicación, distribución, etc. c2011
300 ## - DESCRIPCION FISICA
Extensión xv, 203 p. :
Otros detalles físicos il.
Dimensiones 25 cm.
504 ## - NOTA DE BIBLIOGRAFIA, ETC.
Nota de bibliografía Incluye referencias bibliográficas e índice
650 #0 - ASIENTO SECUNDARIO DE MATERIA - TERMINO TEMATICO
Término temático o nombre geográfico como elemento de entrada Environmental education.
650 #0 - ASIENTO SECUNDARIO DE MATERIA - TERMINO TEMATICO
Término temático o nombre geográfico como elemento de entrada Sustainable developmen
Subdivisión general Study and teaching.
700 1# - ASIENTO SECUNDARIO - NOMBRE PERSONAL
Nombre personal Godemann, Jasmin
700 1# - ASIENTO SECUNDARIO - NOMBRE PERSONAL
Nombre personal Michelsen, Gerd
942 ## - ELEMENTOS ADICIONALES (KOHA)
Sistema de clasificación Dewey Decimal Classification
Tipo de ítem Libro
Koha issues (borrowed), all copies 2
Existencias
Withdrawn status Lost status Sistema de Clasificación Damaged status No para préstamo Colección Inventariado Ubicación Permanente Ubicación actual Fecha de adquisición Fuente de Valor Valor Total Checkouts Número topográfico Inventario / Código de Barras Date last seen Date checked out Ejemplar Price effective from Forma de adquisición Tipo de material
    Dewey Decimal Classification     General Inventariado 2017 Bogotá Bogotá 23/12/2013 Instituto 39000.00 2 LB-333.7 G58s 059657 15/12/2014 12/12/2014 Ej. 1 23/12/2013   Libro